Introduction to social theory / (Record no. 19589)

MARC details
000 -LEADER
fixed length control field 01067nam a2200313 a 4500
001 - CONTROL NUMBER
control field 2084485
003 - CONTROL NUMBER IDENTIFIER
control field BDDh-ASL
005 - DATE AND TIME OF LATEST TRANSACTION
control field 20231015025805.0
008 - FIXED-LENGTH DATA ELEMENTS--GENERAL INFORMATION
fixed length control field 941201s1994 ii b 001 0 eng
010 ## - LIBRARY OF CONGRESS CONTROL NUMBER
LC control number 94905939
020 ## - INTERNATIONAL STANDARD BOOK NUMBER
International Standard Book Number 8122003486 :
Terms of availability Rs200.00
025 ## - OVERSEAS ACQUISITION NUMBER
Overseas acquisition number I-E-74751
040 ## - CATALOGING SOURCE
Original cataloging agency DLC
Transcribing agency DLC
Modifying agency BDDh-ASL
042 ## - AUTHENTICATION CODE
Authentication code lcode
050 00 - LIBRARY OF CONGRESS CALL NUMBER
Classification number H61
Item number .I65 1994
082 ## - DEWEY DECIMAL CLASSIFICATION NUMBER
Classification number 300.01
Item number INT
245 00 - TITLE STATEMENT
Title Introduction to social theory /
Statement of responsibility, etc. co-edited by Radhika Coomaraswamy, Nira Wickramasinghe.
260 ## - PUBLICATION, DISTRIBUTION, ETC.
Place of publication, distribution, etc. Colombo, Sri Lanka :
Name of publisher, distributor, etc. International Centre for Ethnic Studies ;
Place of publication, distribution, etc. Delhi, India :
Name of publisher, distributor, etc. Konark Publishers,
Date of publication, distribution, etc. 1994.
300 ## - PHYSICAL DESCRIPTION
Extent 147 p. ;
Dimensions 22 cm.
504 ## - BIBLIOGRAPHY, ETC. NOTE
Bibliography, etc. note Includes bibliographical references and index.
520 ## - SUMMARY, ETC.
Summary, etc. Contributed lectures.
650 #0 - SUBJECT ADDED ENTRY--TOPICAL TERM
Topical term or geographic name entry element Social sciences
General subdivision Philosophy.
700 1# - ADDED ENTRY--PERSONAL NAME
Personal name Coomaraswamy, Radhika.
700 1# - ADDED ENTRY--PERSONAL NAME
Personal name Wikramasinghe, Nira.
710 2# - ADDED ENTRY--CORPORATE NAME
Corporate name or jurisdiction name as entry element International Centre for Ethnic Studies.
906 ## - LOCAL DATA ELEMENT F, LDF (RLIN)
a 7
b cbc
c origode
d 3
e ncip
f 19
g y-gencatlg
942 ## - ADDED ENTRY ELEMENTS (KOHA)
Source of classification or shelving scheme Dewey Decimal Classification
Koha item type Books
Holdings
Withdrawn status Lost status Source of classification or shelving scheme Damaged status Not for loan Collection code Home library Current library Shelving location Date acquired Source of acquisition Total Checkouts Full call number Barcode Date last seen Copy number Price effective from Koha item type Public note
    Dewey Decimal Classification   Not For Loan Non-fiction Asiatic Society Library Asiatic Society Library Ludden Collection 12/13/2020 Donated by Prof. David Ludden   300.01 INT 102942 12/13/2020 C-1 12/13/2020 Books RARE

Powered by Koha